| 000 | 00516nam a22001577a 4500 | ||
|---|---|---|---|
| 005 | 20231124083242.0 | ||
| 008 | 231124b |||||||| |||| 00| 0 eng d | ||
| 041 | _aEnglish | ||
| 082 | _a341.1 NAM | ||
| 100 | _lEnglish | ||
| 245 | _aFirst National Conference on Small Arms and Light Weapons in Support of the Implementation of the SADC Protocol on Firearms and Ammunition | ||
| 260 | _c2002 | ||
| 300 |
_b134 pages ; _c22 cm. |
||
| 650 |
_aLegal practice _bLaw |
||
| 942 |
_cBK _6ALISON_BN_VRIES |
||
| 999 |
_c931 _d931 |
||